| 000 | 01148cam a22003497a 4500 | ||
|---|---|---|---|
| 003 | CHAP | ||
| 005 | 20220329133855.0 | ||
| 008 | 971013s1906 r 00010 d | ||
| 010 | _a12102 | ||
| 011 | _a13074 | ||
| 035 | _a17145 | ||
| 040 | _cCHAP | ||
| 082 |
_a574.104 _bH37 |
||
| 100 | 0 | 0 |
_aHarvey Society of New York. _952987 |
| 245 | 1 | 4 |
_aThe Harvey lectures. v.1-1905 _c/ 6- |
| 260 |
_aNew York : _bAcademic Press, _c1906 |
||
| 300 | _av. | ||
| 500 | _av.57 - 1961-62 | ||
| 500 | _av.58 - 1962-63 | ||
| 590 |
_aBATCH-UPD _b10 _c20130110 _lUCH01 _h0150 |
||
| 590 |
_aBATCH-UPD _b10 _c20130110 _lUCH01 _h2230 |
||
| 590 |
_aBATCH-UPD _b10 _c20130409 _lUCH01 _h2150 |
||
| 590 |
_aBATCH-UPD _b10 _c20130410 _lUCH01 _h1526 |
||
| 590 |
_aBATCH-UPD _b10 _c20130914 _lUCH01 _h0638 |
||
| 590 |
_aCONVERSION _b10 _c20130109 _lUCH01 _h1308 |
||
| 650 | 1 | 4 |
_aBioquímica _xDiscursos, ensayos, conferencias. _912855 |
| 650 | 1 | 4 |
_aFisiología _xDiscursos, ensayos, conferencias. _941128 |
| 901 | _aBK | ||
| 942 | _cLIBRO | ||
| 949 |
_a574.104 H37 _bBC _cBPP _d-40692 _eBPP _fv.57 _h8085 _i17145 _si |
||
| 949 |
_a574.104 H37 _bBC _cBPP _d-40698 _eBPP _fv.58 _h8086 _i17145 _si |
||
| 999 |
_c12102 _d12102 |
||